|
|
|
|
| LEADER |
00000nab a2200000 a 4500 |
| 001 |
vtls000797391 |
| 003 |
SK-MaSNL |
| 005 |
20260304130926.0 |
| 008 |
250429c2001 xo 0 slo |
| 015 |
|
|
|a SNBRB2002/07-21799
|
| 035 |
|
|
|a CLN000149046
|
| 035 |
|
|
|a urn:nbn:sk:snk-ab6z66
|
| 035 |
|
|
|a (uuid)6304cf30-e1bb-4750-add8-0f97eac73b4c
|
| 035 |
|
|
|a (urnnbn)urn:nbn:sk:snk:ar-a06c5t
|
| 035 |
|
|
|a (sysno)vtls000797391
|
| 040 |
|
|
|a SNKBUCL
|b slo
|c SNKBUCL
|e AACR2
|
| 041 |
0 |
|
|a eng
|
| 044 |
|
|
|a xo
|c SK
|
| 080 |
|
|
|a 616-006.6-053.2:615.281
|2 1997
|
| 245 |
0 |
0 |
|a Significance of P-glycoprotein expression in childhood malignant tumors
|c H. Kučerová ... [et al.]
|
| 300 |
|
|
|b Graf, tab.
|
| 504 |
|
|
|a Res. angl.
|
| 504 |
|
|
|a Bibliogr. odkazy
|
| 650 |
0 |
7 |
|a P-glykoproteíny
|2 snkbucl
|9 1431573
|
| 650 |
0 |
7 |
|a nádory
|x deti
|2 snkbucl
|9 1443129
|
| 650 |
0 |
7 |
|a mnohopočetná lieková rezistencia
|2 snkbucl
|9 20692
|
| 650 |
0 |
7 |
|a nádorové metastázy
|2 snkbucl
|9 123885
|
| 650 |
0 |
7 |
|a P-glykoproteíny
|x analýza
|x účinky liekov
|x diagnostické použitie
|2 snkbucl
|9 1443130
|
| 650 |
0 |
7 |
|a nádory
|x u dojčiat a detí
|2 snkbucl
|9 1443131
|
| 650 |
0 |
7 |
|a farmakoterapia
|x klasifikácia
|x trendy
|2 snkbucl
|9 1428963
|
| 650 |
0 |
7 |
|a mnohopočetná lieková rezistencia
|x metódy
|x trendy
|x využitie
|2 snkbucl
|9 1443132
|
| 650 |
0 |
7 |
|a dieťa
|2 snkbucl
|9 294563
|
| 655 |
|
7 |
|a články z novín a časopisov
|2 snkbucl
|9 267496
|
| 700 |
1 |
|
|a Kučerová, H.
|4 aut
|9 1143992
|
| 700 |
1 |
|
|a Sumerauer, D.
|4 aut
|9 1146976
|
| 700 |
1 |
|
|a Drahokoupilová, Eva,
|d 1955-
|4 aut
|9 23084
|
| 700 |
1 |
|
|a Pisková, M.
|4 aut
|9 1443133
|
| 700 |
1 |
|
|a Bedrníček, J.
|4 aut
|9 1443134
|
| 700 |
1 |
|
|a Eckschlager, Tomáš,
|d 1956-
|4 aut
|9 648840
|
| 773 |
0 |
|
|t Neoplasma
|g Roč. 48, č. 6 (2001), s. 472-478
|x 0028-2685
|
| 850 |
|
|
|a Slovenská národná knižnica
|
| 852 |
|
|
|a Slovenská národná knižnica
|
| 958 |
|
|
|a article27
|
| 958 |
|
|
|a NB
|
| 958 |
|
|
|a MI
|
| 958 |
|
|
|a OND
|
| 958 |
|
|
|a EUIPO
|
| 992 |
|
|
|a RBX
|
| 999 |
|
|
|c 2895844
|d 2897774
|